• 首页
  • 本馆介绍
  • 公告通知
  • 最新文献
  • 馆藏检索
  • 电子资源
  • 读者导购
  • 参考咨询
  • 我的图书馆
  • 登录
  • 详细信息显示
  • 放入我的书架
  • 预约/预借图书
  • 作者相关作品
  • 分类相关作品
  • 丛书相关作品
  • 出版社相关作品

书目信息

  • 表格格式
  • 工作单格式
  • 卡片格式
题名:
刘庆邦研究
    
 
作者: 杜昆 编著
分册:  
出版信息: 郑州   河南大学出版社  2015
页数: 284页
开本: 24cm
丛书名: 中原作家群研究资料丛刊
单 册:
中图分类: I206.7 , K825.6=76
科图分类:
主题词: 中国文学--zhong guo wen xue--当代文学--文学研究 , 作家--zuo jia--人物研究--中国--现代
电子资源:
ISBN: 978-7-5649-1904-7
000 01172nam0 22003011 450
001 0120082150
005 20170320082150.0
010    @a978-7-5649-1904-7@dCNY57.00
100    @a20150831d2015 em y0chiy50 ea
101 0  @achi
102    @aCN@b410000
105    @ay z 000yd
106    @ar
200 1  @a刘庆邦研究@9liu qing bang yan jiu@f杜昆编著
210    @a郑州@c河南大学出版社@d2015
215    @a284页@d24cm
225 2  @a中原作家群研究资料丛刊@9zhong yuan zuo jia qun yan jiu zi liao cong kan@f程光炜,吴圣刚主编
300    @a河南省社会科学规划项目“中原作家群资料整理”研究成果 本成果出版得到淮河文明研究中心资助
330    @a本书是关于当代河南著名作家刘庆邦的研究资料汇编,书中对从上世纪80年代初至今30多年间的刘庆邦研究进行了资料收集、整理、编辑工作。
461  0 @12001 @a中原作家群研究资料丛刊@f程光炜,吴圣刚主编
606 0  @a中国文学@9zhong guo wen xue@x当代文学@x文学研究
606 0  @a作家@9zuo jia@x人物研究@y中国@z现代
610 0  @a刘庆邦(1951- )@Aliu qing bang (1951- )
690    @aI206.7@v5
690    @aK825.6=76@v5
701  0 @a杜昆@9du kun@f(1981~)@4编著
801  0 @aCN@bTANGWEI@c20170308
905    @b0956652-5@dI206.7@e298@f4
    
    刘庆邦研究/杜昆编著.-郑州:河南大学出版社,2015
    284页;24cm.-(中原作家群研究资料丛刊/程光炜,吴圣刚主编)
    河南省社会科学规划项目“中原作家群资料整理”研究成果 本成果出版得到淮河文明研究中心资助
    
    ISBN 978-7-5649-1904-7:CNY57.00
    本书是关于当代河南著名作家刘庆邦的研究资料汇编,书中对从上世纪80年代初至今30多年间的刘庆邦研究进行了资料收集、整理、编辑工作。
●
相关链接 在E读中查询图书 在五车中查询图书 在当当中查询图书 在豆瓣中查询图书


正题名:刘庆邦研究     索取号:I206.7/298         预约/预借

序号 登录号 条形码 馆藏地/架位号 状态 备注
1 0956652   209566520   第一样本阅览室/ [索取号:I206.7/298] 在馆    
2 0956653   209566539   第二借阅区/ [索取号:I206.7/298] 在馆    
3 0956654   209566548   第二借阅区/ [索取号:I206.7/298] 在馆    
4 0956655   209566557   密集书库-文学院/ [索取号:I206.7/298] 在馆    
欢迎您!
大连网信软件有限公司© 版权所有